Planet of dips / (Record no. 9427)

MARC details
000 -LEADER
fixed length control field 01008nam a22003017a 4500
001 - CONTROL NUMBER
control field 9427
003 - CONTROL NUMBER IDENTIFIER
control field FISKH
005 - DATE AND TIME OF LATEST TRANSACTION
control field 20260106142117.0
008 - FIXED-LENGTH DATA ELEMENTS--GENERAL INFORMATION
fixed length control field 260106b cb ||||| |||| 00| 0 eng d
020 ## - INTERNATIONAL STANDARD BOOK NUMBER
International Standard Book Number 9780671500924
040 ## - CATALOGING SOURCE
Original cataloging agency FISKH
Language of cataloging eng
Transcribing agency FISKH
Modifying agency FISKH
050 ## - LIBRARY OF CONGRESS CALL NUMBER
Classification number PZ7.C8344 S
082 ## - DEWEY DECIMAL CLASSIFICATION NUMBER
Classification number 532
100 ## - MAIN ENTRY--PERSONAL NAME
Personal name Coville, Bruce
Relator term Author
245 ## - TITLE STATEMENT
Title Planet of dips /
Statement of responsibility, etc. Bruce Coville ; Interior illustrations by Katherine Coville
260 ## - PUBLICATION, DISTRIBUTION, ETC.
Place of publication, distribution, etc. New York :
Name of publisher, distributor, etc. Pocket Books ,
Date of publication, distribution, etc. 1995
300 ## - PHYSICAL DESCRIPTION
Extent 71 pages :
Other physical details illustrations ;
Dimensions 19 cm
490 ## - SERIES STATEMENT
Series statement Space brat :
Volume/sequential designation 4
505 ## - FORMATTED CONTENTS NOTE
Formatted contents note N<br/>
520 ## - SUMMARY, ETC.
Summary, etc. When Dr. Pimento fiddles with the wiring on Blork's new ship, his mistake sends the entire crew hurtling off to the silliest planet in the galaxy, the Planet of the Dips.
521 8# - TARGET AUDIENCE NOTE
Target audience note 570<br/>
Source Lexile<br/>
521 8# - TARGET AUDIENCE NOTE
Target audience note N<br/>
Source Raz-Plus<br/>
650 ## - SUBJECT ADDED ENTRY--TOPICAL TERM
Topical term or geographic name entry element Juvenile fiction
Form subdivision Literature
650 ## - SUBJECT ADDED ENTRY--TOPICAL TERM
Topical term or geographic name entry element Science fiction
Form subdivision Space
700 ## - ADDED ENTRY--PERSONAL NAME
Personal name Coville, Katherine
Relator term Illustrator
942 ## - ADDED ENTRY ELEMENTS (KOHA)
Source of classification or shelving scheme Dewey Decimal Classification
Koha item type Books
Suppress in OPAC No
Holdings
Withdrawn status Lost status Source of classification or shelving scheme Damaged status Not for loan Collection Home library Current library Shelving location Date acquired Total Checkouts Full call number Barcode Date last seen Copy number Price effective from Koha item type
    Dewey Decimal Classification     Juvenile Fiction Footprints International School Library Network Toul Tom Poung Campus Footprints International School Library Network Toul Tom Poung Campus TTP Primary Yellow Bookshelves 01/06/2026   COV 532 PZ7.C8344 S 2026-0007 01/06/2026 1 01/06/2026 Books